| 000 | 01444cam a2200361 a 4500 | ||
|---|---|---|---|
| 001 | 16932957 | ||
| 003 | USPCAS-E | ||
| 005 | 20180118181413.0 | ||
| 008 | 110824s2012 enka b 001 0 eng | ||
| 010 | _a 2011035823 | ||
| 020 | _a9781405177870 | ||
| 040 |
_aDLC _cDLC _dDLC |
||
| 042 | _apcc | ||
| 050 | 0 | 0 |
_aK3981 _b.M35 2012 |
| 082 | 0 | 0 |
_a344.046 _223 _bENV 2012 |
| 100 | 1 | _aMakuch, Karen E. | |
| 245 | 1 | 0 |
_aEnvironmental and energy law / _cedited by Karen E. Makuch, Ricardo Pereira. |
| 260 |
_aChichester, U.K. ; _aMalden, MA : _bWiley Blackwell, _c2012. |
||
| 300 |
_axxiv, 651 p. : _bill. ; _c25 cm. |
||
| 502 | _a0 | ||
| 504 | _aIncludes bibliographical references and index. | ||
| 650 | 0 |
_aEnergy industries _xEnvironmental aspects. |
|
| 650 | 0 |
_aEnergy industries _xLaw and legislation. |
|
| 650 | 0 |
_aPower resources _xLaw and legislation. |
|
| 650 | 0 | _aEnvironmental policy. | |
| 700 | 1 |
_aPereira, Ricardo M. _c(Law teacher) |
|
| 856 | 4 | 2 |
_3Contributor biographical information _uhttp://www.loc.gov/catdir/enhancements/fy1305/2011035823-b.html |
| 856 | 4 | 2 |
_3Publisher description _uhttp://www.loc.gov/catdir/enhancements/fy1305/2011035823-d.html |
| 856 | 4 | 1 |
_3Table of contents only _uhttp://www.loc.gov/catdir/enhancements/fy1305/2011035823-t.html |
| 906 |
_a7 _bcbc _corignew _d1 _eecip _f20 _gy-gencatlg |
||
| 942 |
_2ddc _cBK |
||
| 999 |
_c355774 _d355774 |
||